| 000 | 00347nam a2200145Ia 4500 | ||
|---|---|---|---|
| 008 | 230917s9999||||xx |||||||||||||| ||und|| | ||
| 040 |
_e34648 _aMAIN |
||
| 041 | _aEnglish | ||
| 082 | _a942 H629B:A | ||
| 100 | _aBriggs, Asa | ||
| 245 | 4 | _aThe age of improvement 1783-1867 | |
| 260 |
_aLondon _bLongman _c1978 |
||
| 300 | _a547 p. | ||
| 942 | _cBK | ||
| 999 |
_c211333 _d211333 |
||